00890nam a2200241Ia 4500001001000000003000500010008004100015010001100056020002200067040000900089082001700098245016000115260003500275300001800310503002000328650005500348650006400403650006100467700002500528700003100553700003000584700003400614Para_9771CHAP220125s2010 xx 000 0 und d a198610 a978-90-481-9639-5 cCHAP aPA 632.7 E53 aEmerging and endemic pathogens :b Advances in surveillance, detection and identification /c Kevin P. O'Connell, Kevin P. O´Connell, et. al... editores aDordrecht :b Springer Verlag axviii, 154 p. aI.259962 (ej.1) aEnfermedades transmisibles x Control x Congresos aEnfermedades transmisibles x Epidemiología x Congresos  aEnfermedades transmisibles x Prevención x Congresos  aBakanidze, Lela, ed. aO´Connell, Kevin P., ed.  aSkowronski, Evan W., ed.  aSulakvelidze, Alexander, ed.